[Event "Stay Safe Play From Home 325"]
[Site "Mustafa Kemal Atatürk"]
[Date "2020.07.23"]
[Round "2"]
[White "AChessPlayer"]
[Black "Dj amir"]
[Result "1/2-1/2"]
[WhiteElo "2351"]
[BlackElo "2430"]
[PlyCount "160"]
[EventDate "2020.07.23"]
[EventType "swiss (blitz)"]

1. e4 {[%emt 0:00:01]} c5 {[%emt 0:00:01]} 2. Nf3 {[%emt 0:00:00]} e6 {[%emt 0:00:00]} 3. d4 {[%emt 0:00:01]} cxd4 {[%emt 0:00:00]} 4. Nxd4 {[%emt 0:00:00]} a6 {[%emt 0:00:00]} 5. Nc3 {[%emt 0:00:01]} b5 {[%emt 0:00:01]} 6. a3 {[%emt 0:00:01]} Bb7 {[%emt 0:00:02]} 7. Bd3 {[%emt 0:00:01]} Qb6 {[%emt 0:00:01]} 8. Nb3 {[%emt 0:00:02]} Qc7 {[%emt 0:00:01]} 9. O-O {[%emt 0:00:01]} Nf6 {[%emt 0:00:00]} 10. Kh1 {[%emt 0:00:02]} d6 {[%emt 0:00:04]} 11. f4 {[%emt 0:00:01]} Nbd7 {[%emt 0:00:00]} 12. Qf3 {[%emt 0:00:00]} Nc5 {[%emt 0:00:02]} 13. Be3 {[%emt 0:00:09]} h5 {[%emt 0:00:02]} 14. Rae1 {[%emt 0:00:02]} Ng4 {[%emt 0:00:01]} 15. Bd4 {[%emt 0:00:01]} Nxb3 {[%emt 0:00:03]} 16. cxb3 {[%emt 0:00:00]} e5 {[%emt 0:00:02]} 17. Nd5 {[%emt 0:00:02]} Bxd5 {[%emt 0:00:02]} 18. exd5 {[%emt 0:00:00]} f6 {[%emt 0:00:02]} 19. Bg6+ {[%emt 0:00:02]} Kd8 {[%emt 0:00:01]} 20. Bg1 {[%emt 0:00:02]} Be7 {[%emt 0:00:07]} 21. Rc1 {[%emt 0:00:01]} Qb7 {[%emt 0:00:01]} 22. Qc3 {[%emt 0:00:02]} Rc8 {[%emt 0:00:01]} 23. Qa5+ {[%emt 0:00:01]} Kd7 {[%emt 0:00:01]} 24. Bf5+ {[%emt 0:00:01]} Ke8 {[%emt 0:00:00]} 25. Rxc8+ {[%emt 0:00:01]} Kf7 {[%emt 0:00:02]} 26. Be6+ {[%emt 0:00:01]} Kg6 {[%emt 0:00:01]} 27. f5+ {[%emt 0:00:00]} Kh7 {[%emt 0:00:00]} 28. Rfc1 {[%emt 0:00:02]} Rxc8 {[%emt 0:00:02]} 29. Rxc8 {[%emt 0:00:01]} h4 {[%emt 0:00:08]} 30. Qc7 {[%emt 0:00:01]} Qxc7 {[%emt 0:00:01]} 31. Rxc7 {[%emt 0:00:01]} Bf8 {[%emt 0:00:00]} 32. Rc8 {[%emt 0:00:00]} Be7 {[%emt 0:00:00]} 33. h3 {[%emt 0:00:01]} Nh6 {[%emt 0:00:01]} 34. Be3 {[%emt 0:00:00]} g6 {[%emt 0:00:00]} 35. Rc7 {[%emt 0:00:01]} Nxf5 {[%emt 0:00:01]} 36. Bxf5 {[%emt 0:00:01]} gxf5 {[%emt 0:00:00]} 37. Rxe7+ {[%emt 0:00:00]} Kg6 {[%emt 0:00:00]} 38. Ra7 {[%emt 0:00:00]} f4 {[%emt 0:00:00]} 39. Bg1 {[%emt 0:00:00]} Kf5 {[%emt 0:00:00]} 40. Rxa6 {[%emt 0:00:00]} e4 {[%emt 0:00:00]} 41. Rxd6 {[%emt 0:00:01]} e3 {[%emt 0:00:00]} 42. Re6 {[%emt 0:00:01]} b4 {[%emt 0:00:00]} 43. axb4 {[%emt 0:00:01]} f3 {[%emt 0:00:00]} 44. Rxe3 {[%emt 0:00:01]} f2 {[%emt 0:00:00]} 45. Bxf2 {[%emt 0:00:01]} Kf4 {[%emt 0:00:00]} 46. Rf3+ {[%emt 0:00:00]} Ke4 {[%emt 0:00:01]} 47. Bxh4 {[%emt 0:00:00]} f5 {[%emt 0:00:00]} 48. Bf6 {[%emt 0:00:01]} f4 {[%emt 0:00:02]} 49. d6 {[%emt 0:00:00]} Kf5 {[%emt 0:00:01]} 50. d7 {[%emt 0:00:00]} Ke4 {[%emt 0:00:00]} 51. Rxf4+ {[%emt 0:00:00]} Ke3 {[%emt 0:00:01]} 52. Bc3 {[%emt 0:00:01]} Ke2 {[%emt 0:00:00]} 53. Re4+ {[%emt 0:00:00]} Kd3 {[%emt 0:00:00]} 54. Re1 {[%emt 0:00:01]} Kc2 {[%emt 0:00:00]} 55. Rc1+ {[%emt 0:00:00]} Kxc1 {[%emt 0:00:01]} 56. d8=Q {[%emt 0:00:00]} Kc2 {[%emt 0:00:00]} 57. Qd2+ {[%emt 0:00:01]} Kb1 {[%emt 0:00:00]} 58. Qd1+ {[%emt 0:00:00]} Ka2 {[%emt 0:00:00]} 59. Qd2 {[%emt 0:00:02]} Ka1 {[%emt 0:00:00]} 60. Qd4 {[%emt 0:00:00]} Ka2 {[%emt 0:00:00]} 61. b5 {[%emt 0:00:00]} Kb1 {[%emt 0:00:00]} 62. b6 {[%emt 0:00:00]} Ka2 {[%emt 0:00:00]} 63. b7 {[%emt 0:00:00]} Kb1 {[%emt 0:00:00]} 64. b4 {[%emt 0:00:00]} Kc2 {[%emt 0:00:00]} 65. b5 {[%emt 0:00:00]} Kb1 {[%emt 0:00:00]} 66. b6 {[%emt 0:00:00]} Ka2 {[%emt 0:00:00]} 67. Bb4 {[%emt 0:00:00]} Kb3 {[%emt 0:00:00]} 68. Bd6 {[%emt 0:00:00]} Kc2 {[%emt 0:00:00]} 69. Bb8 {[%emt 0:00:00]} Kb1 {[%emt 0:00:00]} 70. Qd6 {[%emt 0:00:00]} Ka2 {[%emt 0:00:00]} 71. Qc7 {[%emt 0:00:00]} Kb3 {[%emt 0:00:00]} 72. h4 {[%emt 0:00:00]} Ka2 {[%emt 0:00:00]} 73. h5 {[%emt 0:00:00]} Kb1 {[%emt 0:00:00]} 74. h6 {[%emt 0:00:00]} Ka2 {[%emt 0:00:00]} 75. h7 {[%emt 0:00:00]} Kb3 {[%emt 0:00:00]} 76. h8=Q {[%emt 0:00:01]} Ka2 {[%emt 0:00:00]} 77. Qhc3 {[%emt 0:00:01]} Kb1 {[%emt 0:00:00]} 78. Qc1+ {[%emt 0:00:01]} Ka2 {[%emt 0:00:00]} 79. b4 {[%emt 0:00:02]} Kb3 {[%emt 0:00:00]} 80. Q1c3+ {[%emt 0:00:00]} Ka4 {[%emt 0:00:00] Time (Lag: Av=0.47s, max=1.0s)} 1/2-1/2

[Event "Stay Safe Play From Home 325"]
[Site "Mustafa Kemal Atatürk"]
[Date "2020.07.23"]
[Round "2"]
[White "Lamborghini"]
[Black "Broken sword"]
[Result "0-1"]
[WhiteElo "2256"]
[BlackElo "2458"]
[PlyCount "100"]
[EventDate "2020.07.23"]
[EventType "swiss (blitz)"]

1. e4 {[%emt 0:00:02]} e6 {[%emt 0:00:00]} 2. d3 {[%emt 0:00:01]} c5 {[%emt 0:00:00]} 3. Nd2 {[%emt 0:00:01]} Nc6 {[%emt 0:00:01]} 4. Ngf3 {[%emt 0:00:00]} g6 {[%emt 0:00:01]} 5. h4 {[%emt 0:00:01]} h6 {[%emt 0:00:01]} 6. g3 {[%emt 0:00:01]} Bg7 {[%emt 0:00:01]} 7. Bg2 {[%emt 0:00:00]} Nge7 {[%emt 0:00:01]} 8. O-O {[%emt 0:00:00]} d5 {[%emt 0:00:00]} 9. Re1 {[%emt 0:00:01]} b6 {[%emt 0:00:01]} 10. Nf1 {[%emt 0:00:01]} Bb7 {[%emt 0:00:01]} 11. N1h2 {[%emt 0:00:01]} dxe4 {[%emt 0:00:01]} 12. dxe4 {[%emt 0:00:04]} Qxd1 {[%emt 0:00:01]} 13. Rxd1 {[%emt 0:00:01]} O-O {[%emt 0:00:00]} 14. c3 {[%emt 0:00:01]} Rfd8 {[%emt 0:00:01]} 15. Bf4 {[%emt 0:00:01]} Ba6 {[%emt 0:00:01]} 16. Bf1 {[%emt 0:00:03]} Bxf1 {[%emt 0:00:01]} 17. Kxf1 {[%emt 0:00:01]} Kf8 {[%emt 0:00:01]} 18. Ng4 {[%emt 0:00:01]} h5 {[%emt 0:00:01]} 19. Ngh2 {[%emt 0:00:03]} Ke8 {[%emt 0:00:01]} 20. Bd6 {[%emt 0:00:02]} Na5 {[%emt 0:00:03]} 21. Bxe7 {[%emt 0:00:04]} Kxe7 {[%emt 0:00:00]} 22. Rac1 {[%emt 0:00:02]} Nc4 {[%emt 0:00:01]} 23. Rxd8 {[%emt 0:00:01]} Rxd8 {[%emt 0:00:01]} 24. b3 {[%emt 0:00:00]} Nd2+ {[%emt 0:00:02]} 25. Ke2 {[%emt 0:00:01]} Nxf3 {[%emt 0:00:01]} 26. Nxf3 {[%emt 0:00:00]} Rd7 {[%emt 0:00:03]} 27. c4 {[%emt 0:00:01]} Bd4 {[%emt 0:00:02]} 28. Rd1 {[%emt 0:00:01]} e5 {[%emt 0:00:00]} 29. Ne1 {[%emt 0:00:01]} f5 {[%emt 0:00:02]} 30. exf5 {[%emt 0:00:02]} gxf5 {[%emt 0:00:01]} 31. f4 {[%emt 0:00:01]} e4 {[%emt 0:00:02]} 32. Nc2 {[%emt 0:00:01]} Ke6 {[%emt 0:00:00]} 33. Ne3 {[%emt 0:00:02]} Bxe3 {[%emt 0:00:04]} 34. Rxd7 {[%emt 0:00:02]} Kxd7 {[%emt 0:00:00]} 35. Kxe3 {[%emt 0:00:01]} Kc6 {[%emt 0:00:00]} 36. Ke2 {[%emt 0:00:02]} b5 {[%emt 0:00:01]} 37. Kd2 {[%emt 0:00:02]} bxc4 {[%emt 0:00:00]} 38. bxc4 {[%emt 0:00:01]} Kb6 {[%emt 0:00:00]} 39. Kc3 {[%emt 0:00:02]} Ka5 {[%emt 0:00:00]} 40. g4 {[%emt 0:00:00]} hxg4 {[%emt 0:00:01]} 41. h5 {[%emt 0:00:01]} g3 {[%emt 0:00:00]} 42. h6 {[%emt 0:00:00]} g2 {[%emt 0:00:00]} 43. h7 {[%emt 0:00:00]} g1=Q {[%emt 0:00:00]} 44. h8=Q {[%emt 0:00:00]} Qe3+ {[%emt 0:00:01]} 45. Kb2 {[%emt 0:00:01]} Qd4+ {[%emt 0:00:01]} 46. Qxd4 {[%emt 0:00:02]} cxd4 {[%emt 0:00:00]} 47. Kb3 {[%emt 0:00:00]} Kb6 {[%emt 0:00:00]} 48. c5+ {[%emt 0:00:00]} Kxc5 {[%emt 0:00:01]} 49. Kc2 {[%emt 0:00:00]} Kc4 {[%emt 0:00:01]} 50. Kd2 {[%emt 0:00:00]} d3 {[%emt 0:00:01] Lamborghini gibt auf (Lag: Av=0.30s, max=1.0s)} 0-1

[Event "Stay Safe Play From Home 325"]
[Site "Mustafa Kemal Atatürk"]
[Date "2020.07.23"]
[Round "2"]
[White "Lazieri3"]
[Black "SoulofWolf"]
[Result "0-1"]
[WhiteElo "2062"]
[BlackElo "2064"]
[PlyCount "104"]
[EventDate "2020.07.23"]
[EventType "swiss (blitz)"]

1. e4 {[%emt 0:00:01]} c5 {[%emt 0:00:00]} 2. Nc3 {[%emt 0:00:00]} e6 {[%emt 0:00:00]} 3. d3 {[%emt 0:00:00]} Be7 {[%emt 0:00:02]} 4. Nf3 {[%emt 0:00:00]} a6 {[%emt 0:00:00]} 5. g3 {[%emt 0:00:01]} b5 {[%emt 0:00:01]} 6. Bg2 {[%emt 0:00:00]} Bb7 {[%emt 0:00:00]} 7. O-O {[%emt 0:00:01]} Bc6 {[%emt 0:00:01]} 8. Re1 {[%emt 0:00:01]} d6 {[%emt 0:00:00]} 9. e5 {[%emt 0:00:01]} d5 {[%emt 0:00:02]} 10. d4 {[%emt 0:00:02]} c4 {[%emt 0:00:01]} 11. Ne2 {[%emt 0:00:01]} Nd7 {[%emt 0:00:00]} 12. c3 {[%emt 0:00:00]} h6 {[%emt 0:00:01]} 13. Nd2 {[%emt 0:00:01]} Nb6 {[%emt 0:00:01]} 14. f4 {[%emt 0:00:01]} Qd7 {[%emt 0:00:01]} 15. a3 {[%emt 0:00:01]} g5 {[%emt 0:00:01]} 16. fxg5 {[%emt 0:00:01]} hxg5 {[%emt 0:00:00]} 17. Nf3 {[%emt 0:00:01]} g4 {[%emt 0:00:01]} 18. Nh4 {[%emt 0:00:01]} Nh6 {[%emt 0:00:01]} 19. Bxh6 {[%emt 0:00:04]} Rxh6 {[%emt 0:00:01]} 20. Nf4 {[%emt 0:00:01]} O-O-O {[%emt 0:00:02]} 21. Qxg4 {[%emt 0:00:02]} Rdh8 {[%emt 0:00:01]} 22. Rf1 {[%emt 0:00:05]} Bxh4 {[%emt 0:00:01]} 23. gxh4 {[%emt 0:00:00]} Rxh4 {[%emt 0:00:00]} 24. Qg3 {[%emt 0:00:01]} Qd8 {[%emt 0:00:11]} 25. Ne2 {[%emt 0:00:04]} Be8 {[%emt 0:00:01]} 26. Rf6 {[%emt 0:00:02]} Nd7 {[%emt 0:00:01]} 27. Rf4 {[%emt 0:00:01]} R4h6 {[%emt 0:00:02]} 28. Raf1 {[%emt 0:00:02]} Rg6 {[%emt 0:00:00]} 29. Qf2 {[%emt 0:00:02]} Rhg8 {[%emt 0:00:00]} 30. Kh1 {[%emt 0:00:01]} Rxg2 {[%emt 0:00:01]} 31. Qxg2 {[%emt 0:00:00]} Rxg2 {[%emt 0:00:00]} 32. Kxg2 {[%emt 0:00:00]} Qg5+ {[%emt 0:00:01]} 33. Kh1 {[%emt 0:00:01]} Qh5 {[%emt 0:00:01]} 34. Ng3 {[%emt 0:00:01]} Qh6 {[%emt 0:00:01]} 35. R4f2 {[%emt 0:00:01]} Kc7 {[%emt 0:00:01]} 36. Kg2 {[%emt 0:00:00]} Kb6 {[%emt 0:00:02]} 37. Kh1 {[%emt 0:00:01]} Ka5 {[%emt 0:00:01]} 38. Kg2 {[%emt 0:00:01]} Ka4 {[%emt 0:00:01]} 39. Kh1 {[%emt 0:00:00]} f5 {[%emt 0:00:01]} 40. Kg2 {[%emt 0:00:00]} Qg5 {[%emt 0:00:01]} 41. Kh1 {[%emt 0:00:01]} Bh5 {[%emt 0:00:01]} 42. Ne2 {[%emt 0:00:03]} Bg4 {[%emt 0:00:01]} 43. Ng3 {[%emt 0:00:01]} Qh4 {[%emt 0:00:01]} 44. Rg1 {[%emt 0:00:04]} Nf8 {[%emt 0:00:01]} 45. Rgf1 {[%emt 0:00:01]} Ng6 {[%emt 0:00:00]} 46. Rg1 {[%emt 0:00:01]} Qg5 {[%emt 0:00:02]} 47. Nf1 {[%emt 0:00:01]} Nh4 {[%emt 0:00:01]} 48. Nd2 {[%emt 0:00:02]} Qh5 {[%emt 0:00:01]} 49. Nb1 {[%emt 0:00:03]} Ng6 {[%emt 0:00:00]} 50. Rxg4 {[%emt 0:00:01]} Qxg4 {[%emt 0:00:02]} 51. Rg2 {[%emt 0:00:00]} Qe4 {[%emt 0:00:01]} 52. Kg1 {[%emt 0:00:01]} Qxb1+ {[%emt 0:00:01] Time (Lag: Av=0.54s, max=1.0s)} 0-1

[Event "Stay Safe Play From Home 325"]
[Site "Mustafa Kemal Atatürk"]
[Date "2020.07.23"]
[Round "2"]
[White "SelamiSahin"]
[Black "Klasman"]
[Result "1-0"]
[WhiteElo "1893"]
[BlackElo "1375"]
[Annotator "NA"]
[PlyCount "39"]
[EventDate "2020.07.23"]
[EventType "swiss (blitz)"]

1. d4 {[%emt 0:00:02]} f5 {[%emt 0:00:01]} 2. c4 {[%emt 0:00:00]} Nf6 {[%emt 0:00:01]} 3. Nc3 {[%emt 0:00:00]} e6 {[%emt 0:00:01]} 4. g3 {[%emt 0:00:00]} Bb4 {[%emt 0:00:01]} 5. Bg2 {[%emt 0:00:00]} c6 {[%emt 0:00:01]} 6. e3 {[%emt 0:00:01]} d5 {[%emt 0:00:01]} 7. Nge2 {[%emt 0:00:00]} Ne4 {[%emt 0:00:02]} 8. O-O {[%emt 0:00:01]} Bxc3 {[%emt 0:00:03]} 9. Nxc3 {[%emt 0:00:00]} Nd7 {[%emt 0:00:03]} 10. Qc2 {[%emt 0:00:01]} Ndf6 {[%emt 0:00:02]} 11. b3 {[%emt 0:00:01]} Nxc3 {[%emt 0:00:02]} 12. Qxc3 {[%emt 0:00:00]} O-O {[%emt 0:00:02]} 13. Bb2 {[%emt 0:00:01]} Bd7 {[%emt 0:00:02]} 14. Rae1 {[%emt 0:00:04]} Rc8 {[%emt 0:00:01]} 15. f3 {[%emt 0:00:02]} g5 {[%emt 0:00:04]} 16. e4 {[%emt 0:00:01]} fxe4 {[%emt 0:00:02]} 17. fxe4 {[%emt 0:00:00]} Nxe4 {[%emt 0:00:02]} 18. Bxe4 {[%emt 0:00:01]} Rxf1+ {[%emt 0:00:02]} 19. Rxf1 {[%emt 0:00:00]} dxe4 {[%emt 0:00:04]} 20. d5 {[%emt 0:00:01] Time} 1-0

[Event "Stay Safe Play From Home 325"]
[Site "Mustafa Kemal Atatürk"]
[Date "2020.07.23"]
[Round "2"]
[White "Klausen"]
[Black "Trotsky"]
[Result "1-0"]
[WhiteElo "1785"]
[BlackElo "1596"]
[Annotator "NA"]
[PlyCount "51"]
[EventDate "2020.07.23"]
[EventType "swiss (blitz)"]

1. Nf3 {[%emt 0:00:02]} d5 {[%emt 0:00:01]} 2. d4 {[%emt 0:00:01]} e6 {[%emt 0:00:00]} 3. c4 {[%emt 0:00:01]} c5 {[%emt 0:00:01]} 4. cxd5 {[%emt 0:00:02]} exd5 {[%emt 0:00:01]} 5. g3 {[%emt 0:00:01]} Be6 {[%emt 0:00:01]} 6. Bg2 {[%emt 0:00:01]} Nc6 {[%emt 0:00:01]} 7. O-O {[%emt 0:00:01]} Qc7 {[%emt 0:00:01]} 8. Nc3 {[%emt 0:00:02]} a6 {[%emt 0:00:01]} 9. Bf4 {[%emt 0:00:02]} Bd6 {[%emt 0:00:02]} 10. Bxd6 {[%emt 0:00:01]} Qxd6 {[%emt 0:00:01]} 11. Rc1 {[%emt 0:00:01]} c4 {[%emt 0:00:01]} 12. Qd2 {[%emt 0:00:02]} Nf6 {[%emt 0:00:01]} 13. Rfd1 {[%emt 0:00:02]} O-O-O {[%emt 0:00:02]} 14. e3 {[%emt 0:00:02]} h5 {[%emt 0:00:01]} 15. h4 {[%emt 0:00:02]} Ng4 {[%emt 0:00:01]} 16. Ng5 {[%emt 0:00:02]} f5 {[%emt 0:00:10]} 17. f3 {[%emt 0:00:03]} f4 {[%emt 0:00:03]} 18. fxg4 {[%emt 0:00:03]} hxg4 {[%emt 0:00:03]} 19. exf4 {[%emt 0:00:02]} Rxh4 {[%emt 0:00:04]} 20. gxh4 {[%emt 0:00:02]} Rh8 {[%emt 0:00:02]} 21. Nxe6 {[%emt 0:00:02]} Rxh4 {[%emt 0:00:04]} 22. Nxd5 {[%emt 0:00:02]} Nxd4 {[%emt 0:00:08]} 23. Qxd4 {[%emt 0:00:02]} Kb8 {[%emt 0:00:03]} 24. Qxc4 {[%emt 0:00:03]} g3 {[%emt 0:00:09]} 25. Qc8+ {[%emt 0:00:03] .} Ka7 {[%emt 0:00:01] '} 26. Ne3 {[%emt 0:00:03] Âðåìÿ (Lag: Av=0.22s, max=0.9s)} 1-0

[Event "Stay Safe Play From Home 325"]
[Site "Mustafa Kemal Atatürk"]
[Date "2020.07.23"]
[Round "2"]
[White "Meini"]
[Black "Stefanone"]
[Result "0-1"]
[WhiteElo "1554"]
[BlackElo "2058"]
[Annotator "TA"]
[PlyCount "58"]
[EventDate "2020.07.23"]
[EventType "swiss (blitz)"]

{[%evp 9,58,0,18,20,49,50,73,8,19,-376,-370,-371,-365,-402,-411,-537,-523,-616,-623,-623,-619,-636,-558,-567,-564,-714,-685,-810,-720,-746,-677,-795,-797,-793,-794,-729,-787,-762,-758,-1086,-898,-2014,-880,-801,-726,-860,-789,-897,-729,-29997,-29998]} 1. d4 d6 2. Bf4 Nd7 3. e3 g6 4. Nf3 Bg7 5. h3 c6 6. Be2 {[#] A41: 1 d4 d6: Tartakower System and Modern Defence.} Qc7 $146 ({Predecessor:} 6... e5 7. Bh2 Qe7 8. O-O Ngf6 9. c4 O-O 10. Nc3 Re8 11. Qc2 a6 12. Rfd1 h5 13. Rac1 e4 14. Nd2 Nf8 15. b4 Bf5 16. b5 g5 17. bxc6 bxc6 18. Qa4 Rec8 {1-0 (33) Le,T (2501)-Galaktionov,A (2319) chess.com INT 2020}) 7. O-O e5 8. dxe5 (8. Bh2 $16) 8... dxe5 $11 9. c3 $2 {[%mdl 8192] [#]} (9. Bh2 $11) 9... exf4 $19 10. exf4 Ngf6 11. Bd3 O-O 12. Qc2 Nc5 13. g3 Nxd3 14. Qxd3 Bxh3 15. Re1 Bg4 16. Ne5 Rad8 17. Qc2 Bf5 18. Qb3 Nd5 19. Na3 Rfe8 20. Nac4 b5 21. Ne3 Nxe3 22. Rxe3 Bxe5 23. fxe5 Rxe5 24. Rxe5 Qxe5 25. Rd1 Rxd1+ 26. Qxd1 Bh3 27. Qd8+ Kg7 28. Qd1 {[#]} Qd5 $1 {[%csl Gh3][%cal Rd5g2]} 29. f3 Qxd1+ {Black took control after the opening. Accuracy: White = 30%, Black = 83%.} 0-1

[Event "Stay Safe Play From Home 325"]
[Site "Mustafa Kemal Atatürk"]
[Date "2020.07.23"]
[Round "2"]
[White "Mamba2001de"]
[Black "Haris kollari 13"]
[Result "0-1"]
[WhiteElo "1491"]
[BlackElo "1627"]
[Annotator "NA RC"]
[PlyCount "36"]
[EventDate "2020.07.23"]
[EventType "swiss (blitz)"]

1. e4 {[%emt 0:00:01]} e6 {[%emt 0:00:00]} 2. Nf3 {[%emt 0:00:01]} d5 {[%emt 0:00:00]} 3. exd5 {[%emt 0:00:01]} exd5 {[%emt 0:00:00]} 4. d4 {[%emt 0:00:01]} c6 {[%emt 0:00:01]} 5. Be3 {[%emt 0:00:01]} Bg4 {[%emt 0:00:01]} 6. Bd3 {[%emt 0:00:01]} Bd6 {[%emt 0:00:01]} 7. h3 {[%emt 0:00:01]} Bh5 {[%emt 0:00:01]} 8. O-O {[%emt 0:00:01]} Nf6 {[%emt 0:00:01]} 9. Nbd2 {[%emt 0:00:01]} O-O {[%emt 0:00:01]} 10. c3 {[%emt 0:00:01]} Re8 {[%emt 0:00:01]} 11. Qc2 {[%emt 0:00:01]} Nbd7 {[%emt 0:00:03]} 12. g4 {[%emt 0:00:01]} Bg6 {[%emt 0:00:01]} 13. Bxg6 {[%emt 0:00:01]} hxg6 {[%emt 0:00:01]} 14. Nh4 {[%emt 0:00:01]} Ne4 {[%emt 0:00:02]} 15. Nxe4 {[%emt 0:00:02]} Rxe4 {[%emt 0:00:01]} 16. Rae1 {[%emt 0:00:04]} Qxh4 {[%emt 0:00:02]} 17. b4 {[%emt 0:00:02]} Qxh3 {[%emt 0:00:02]} 18. Qe2 {[%emt 0:00:03]} Qh2# {[%emt 0:00:02] (Lag: Av=0.37s, max=0.7s)} 0-1

[Event "Stay Safe Play From Home 325"]
[Site "Mustafa Kemal Atatürk"]
[Date "2020.07.23"]
[Round "2"]
[White "Mandy"]
[Black "Greblha"]
[Result "0-1"]
[WhiteElo "875"]
[BlackElo "1931"]
[PlyCount "34"]
[EventDate "2020.07.23"]
[EventType "swiss (blitz)"]

1. d4 {[%emt 0:00:02]} c6 {[%emt 0:00:00]} 2. Bf4 {[%emt 0:00:01]} d5 {[%emt 0:00:00]} 3. e3 {[%emt 0:00:01]} Nf6 {[%emt 0:00:00]} 4. Nf3 {[%emt 0:00:01]} Bg4 {[%emt 0:00:00]} 5. Be2 {[%emt 0:00:03]} e6 {[%emt 0:00:01]} 6. h3 {[%emt 0:00:01]} Bh5 {[%emt 0:00:02]} 7. Nbd2 {[%emt 0:00:02]} Bd6 {[%emt 0:00:02]} 8. Bxd6 {[%emt 0:00:10]} Qxd6 {[%emt 0:00:01]} 9. c3 {[%emt 0:00:01]} Nbd7 {[%emt 0:00:02]} 10. O-O {[%emt 0:00:03]} O-O {[%emt 0:00:01]} 11. Qc2 {[%emt 0:00:03]} Bg6 {[%emt 0:00:04]} 12. Qd1 {[%emt 0:00:04]} c5 {[%emt 0:00:01]} 13. Ng5 {[%emt 0:00:11]} cxd4 {[%emt 0:00:02]} 14. e4 {[%emt 0:00:06]} dxe4 {[%emt 0:00:02]} 15. Ndxe4 {[%emt 0:00:02]} Nxe4 {[%emt 0:00:01]} 16. f3 {[%emt 0:00:02]} Nxg5 {[%emt 0:00:01]} 17. Qd2 {[%emt 0:00:05]} d3 {[%emt 0:00:01] Zeit (Lag: Av=0.46s, max=1.2s)} 0-1

[Event "Stay Safe Play From Home 325"]
[Site "Mustafa Kemal Atatürk"]
[Date "2020.07.23"]
[Round "3"]
[White "Broken sword"]
[Black "SoulofWolf"]
[Result "1-0"]
[WhiteElo "2466"]
[BlackElo "2081"]
[PlyCount "167"]
[EventDate "2020.07.23"]
[EventType "swiss (blitz)"]

1. e4 {[%emt 0:00:01]} e6 {[%emt 0:00:00]} 2. d4 {[%emt 0:00:01]} d5 {[%emt 0:00:01]} 3. Nd2 {[%emt 0:00:01]} Bb4 {[%emt 0:00:01]} 4. c3 {[%emt 0:00:01]} Ba5 {[%emt 0:00:00]} 5. e5 {[%emt 0:00:01]} Ne7 {[%emt 0:00:01]} 6. f4 {[%emt 0:00:01]} Ng6 {[%emt 0:00:00]} 7. g3 {[%emt 0:00:03]} c5 {[%emt 0:00:00]} 8. Bd3 {[%emt 0:00:01]} cxd4 {[%emt 0:00:01]} 9. cxd4 {[%emt 0:00:00]} Nc6 {[%emt 0:00:01]} 10. Ne2 {[%emt 0:00:00]} Qb6 {[%emt 0:00:01]} 11. Qb3 {[%emt 0:00:04]} Bd7 {[%emt 0:00:01]} 12. Qxb6 {[%emt 0:00:01]} Bxb6 {[%emt 0:00:00]} 13. Nf3 {[%emt 0:00:01]} h5 {[%emt 0:00:02]} 14. a3 {[%emt 0:00:01]} h4 {[%emt 0:00:01]} 15. g4 {[%emt 0:00:01]} Nge7 {[%emt 0:00:03]} 16. h3 {[%emt 0:00:01]} a5 {[%emt 0:00:01]} 17. Bd2 {[%emt 0:00:01]} a4 {[%emt 0:00:01]} 18. O-O {[%emt 0:00:01]} Na5 {[%emt 0:00:01]} 19. Rad1 {[%emt 0:00:03]} Nb3 {[%emt 0:00:01]} 20. Bc3 {[%emt 0:00:00]} Rc8 {[%emt 0:00:04]} 21. Nc1 {[%emt 0:00:01]} Na5 {[%emt 0:00:02]} 22. Kg2 {[%emt 0:00:01]} g6 {[%emt 0:00:01]} 23. Rfe1 {[%emt 0:00:02]} Kf8 {[%emt 0:00:02]} 24. Re2 {[%emt 0:00:01]} Kg7 {[%emt 0:00:00]} 25. Rf2 {[%emt 0:00:01]} Rc7 {[%emt 0:00:01]} 26. Rdf1 {[%emt 0:00:01]} Nac6 {[%emt 0:00:01]} 27. Ne2 {[%emt 0:00:01]} Na7 {[%emt 0:00:01]} 28. Nd2 {[%emt 0:00:01]} Bb5 {[%emt 0:00:01]} 29. Bxb5 {[%emt 0:00:01]} Nxb5 {[%emt 0:00:00]} 30. Nf3 {[%emt 0:00:01]} Rhc8 {[%emt 0:00:02]} 31. Rd1 {[%emt 0:00:00]} Nxc3 {[%emt 0:00:01]} 32. Nxc3 {[%emt 0:00:00]} Rh8 {[%emt 0:00:01]} 33. Rd3 {[%emt 0:00:01]} Rc4 {[%emt 0:00:05]} 34. Rfd2 {[%emt 0:00:02]} Nc6 {[%emt 0:00:01]} 35. Nb5 {[%emt 0:00:03]} Na5 {[%emt 0:00:02]} 36. Nd6 {[%emt 0:00:01]} Nb3 {[%emt 0:00:02]} 37. Nxc4 {[%emt 0:00:02]} dxc4 {[%emt 0:00:00]} 38. Rc3 {[%emt 0:00:02]} Nxd2 {[%emt 0:00:01]} 39. Nxd2 {[%emt 0:00:01]} Rc8 {[%emt 0:00:02]} 40. Rxc4 {[%emt 0:00:01]} Rxc4 {[%emt 0:00:02]} 41. Nxc4 {[%emt 0:00:00]} Bxd4 {[%emt 0:00:00]} 42. Kf3 {[%emt 0:00:01]} b5 {[%emt 0:00:01]} 43. Na5 {[%emt 0:00:01]} Bxb2 {[%emt 0:00:00]} 44. Nb7 {[%emt 0:00:01]} Bxa3 {[%emt 0:00:01]} 45. Ke4 {[%emt 0:00:00]} b4 {[%emt 0:00:00]} 46. Kd3 {[%emt 0:00:00]} f5 {[%emt 0:00:01]} 47. gxf5 {[%emt 0:00:01]} gxf5 {[%emt 0:00:00]} 48. Nc5 {[%emt 0:00:01]} Kf7 {[%emt 0:00:00]} 49. Nxa4 {[%emt 0:00:00]} Bb2 {[%emt 0:00:01]} 50. Nxb2 {[%emt 0:00:01]} Ke7 {[%emt 0:00:01]} 51. Kc4 {[%emt 0:00:00]} Kd7 {[%emt 0:00:00]} 52. Kxb4 {[%emt 0:00:00]} Kc7 {[%emt 0:00:00]} 53. Kc4 {[%emt 0:00:00]} Kc6 {[%emt 0:00:00]} 54. Kd4 {[%emt 0:00:00]} Kd7 {[%emt 0:00:00]} 55. Nd3 {[%emt 0:00:00]} Kc6 {[%emt 0:00:00]} 56. Ne1 {[%emt 0:00:01]} Kd7 {[%emt 0:00:00]} 57. Nf3 {[%emt 0:00:00]} Kc6 {[%emt 0:00:00]} 58. Nxh4 {[%emt 0:00:00]} Kd7 {[%emt 0:00:00]} 59. Nf3 {[%emt 0:00:00]} Ke7 {[%emt 0:00:00]} 60. Ng5 {[%emt 0:00:00]} Kd7 {[%emt 0:00:01]} 61. Kc5 {[%emt 0:00:00]} Ke7 {[%emt 0:00:00]} 62. Kc6 {[%emt 0:00:01]} Kf8 {[%emt 0:00:00]} 63. Kd6 {[%emt 0:00:00]} Kg7 {[%emt 0:00:00]} 64. Kxe6 {[%emt 0:00:00]} Kg6 {[%emt 0:00:00]} 65. Ke7 {[%emt 0:00:01]} Kh6 {[%emt 0:00:00]} 66. Ke6 {[%emt 0:00:00]} Kg7 {[%emt 0:00:00]} 67. Nf3 {[%emt 0:00:00]} Kg8 {[%emt 0:00:00]} 68. Kxf5 {[%emt 0:00:00]} Kf8 {[%emt 0:00:00]} 69. Ke4 {[%emt 0:00:00]} Kg7 {[%emt 0:00:00]} 70. f5 {[%emt 0:00:00]} Kf8 {[%emt 0:00:00]} 71. h4 {[%emt 0:00:00]} Kf7 {[%emt 0:00:00]} 72. h5 {[%emt 0:00:00]} Kg7 {[%emt 0:00:00]} 73. Kf4 {[%emt 0:00:00]} Kh7 {[%emt 0:00:00]} 74. Kg5 {[%emt 0:00:00]} Kg7 {[%emt 0:00:00]} 75. Nh4 {[%emt 0:00:00]} Kh7 {[%emt 0:00:00]} 76. f6 {[%emt 0:00:00]} Kh8 {[%emt 0:00:00]} 77. e6 {[%emt 0:00:00]} Kg8 {[%emt 0:00:00]} 78. h6 {[%emt 0:00:00]} Kf8 {[%emt 0:00:00]} 79. Kf5 {[%emt 0:00:00]} Ke8 {[%emt 0:00:00]} 80. Ke5 {[%emt 0:00:00]} Kd8 {[%emt 0:00:00]} 81. Kd6 {[%emt 0:00:00]} Kc8 {[%emt 0:00:01]} 82. Kc6 {[%emt 0:00:00]} Kb8 {[%emt 0:00:01]} 83. Kb6 {[%emt 0:00:00]} Kc8 {[%emt 0:00:00]} 84. h7 {[%emt 0:00:00] Czas partii (Lag: Av=0.24s, max=1.1s)} 1-0